| 000 | 00674cam a2200181 4500 | ||
|---|---|---|---|
| 008 | 040525s1987 mx g b 000 0 spa u | ||
| 035 | _aa437280 | ||
| 050 | 0 | 0 |
_aHD1795 _b.M4P54 1987 |
| 100 | 1 | _aPieck Gochicoa, Enrique | |
| 245 | 1 | 0 |
_aEducación no formal agrícola y modernización en el Estado de México (1940-1980) / _cEnrique Pieck Gochicoa, Eduardo Aguado López. |
| 260 |
_aZinacantepec, Edo. de México : _bColegio Mexiquense, _c1987 |
||
| 300 |
_a57 hojas ; _c28 cm. |
||
| 440 | 0 |
_aCuadernos de trabajo ; _vNo. 3 |
|
| 504 | _aIncluye bibliografía | ||
| 650 | 1 | 0 |
_aAgricultura _zMéxico (Estado) |
| 700 | 1 | 0 | _aAguado López, Eduardo coaut. |
| 942 |
_2lcc _cLIB |
||
| 999 |
_c65786 _d65786 |
||